A Song of Ice and Fire (Game of Thrones) POV Characters - Statistics

General Stats
  • This quiz has been taken 209 times
  • The average score is 20 of 31
Answer Stats
Number of Chapters Answer % Correct
2 Jon Connington
100%
42 Jon Snow
100%
24 Sansa Stark
100%
33 Arya Stark
99%
47 Tyrion Lannister
99%
12 Cersei Lannister
97%
21 Bran Stark
96%
15 Eddard Stark
96%
17 Jaime Lannister
96%
25 Catelyn Tully
95%
31 Daenerys Targaryen
95%
13 Theon Greyjoy
78%
10 Samwell Tarly
70%
8 Brienne of Tarth
67%
13 Davos Seaworth
62%
1 Melisandre
55%
Prologue (AGOT) Will
51%
4 Barristan Selmy
50%
4 Asha Greyjoy
49%
2 Arianne Martell
48%
Epilogue (ADWD) Kevan Lannister
46%
4 Victarion Greyjoy
43%
Prologue (ACOK) Cressen
39%
2 Aeron Greyjoy
38%
2 Areo Hotah
36%
1 Arys Oakheart
35%
4 Quentyn Martell
35%
Prolugue (ADWD) Varamyr
34%
Epilogue (ASOS) Merrett Frey
30%
Prologue (AFFC) Pate
30%
Prologue (ASOS) Chett
28%
No matching quizzes found
Score Distribution
Percent of People with Each Score
Percentile by Number Answered
Your Score History
You have not taken this quiz